Nálezy z Mane

Bibliographic Details
Main Author: Samuel, Marián (Author)
Format: Article
Language:Slovak
PhysicalDescription:Fotogr., obr. na s. 215-323. Mp., tab. na s. 14-26
ISBN:8088709504
Subjects:

MARC

LEADER 00000nab a2200000 a 4500
001 vtls000818407
003 SK-MaSNL
005 20260304121908.0
008 250429c2001 xo 0 slo
015 |a SNBRA2002/12-40901 
035 |a CLN000170062 
035 |a urn:nbn:sk:snk-abp3j 
035 |a (urnnbn)urn:nbn:sk:snk:ar-a03yvt 
035 |a (uuid)5db38713-0069-4062-a0d2-bbbd1be5bd29 
040 |a SNKBUCL  |b slo  |c SNKBUCL  |e AACR2 
041 0 |a slo 
044 |a xo  |c SK 
080 |a 902.2(437.6)  |2 1997 
100 1 |a Samuel, Marián  |4 aut  |9 179511 
245 1 0 |a Nálezy z Mane  |c Marián Samuel 
300 |b Fotogr., obr. na s. 215-323. Mp., tab. na s. 14-26 
504 |a Res. nem. 
504 |a Bibliogr. odkaz 
650 0 7 |a archeologické nálezy  |2 snkbucl  |9 4975 
651 7 |a Maňa (Slovensko)  |2 snkbucl  |9 87354 
655 7 |a články zo zborníkov  |2 snkbucl  |9 166140 
773 0 |t Archeologické výskumy a nálezy na Slovensku v roku 2000  |d Nitra : Archeologický ústav SAV, 2001  |g S. 171-172  |z 8088709504 
850 |a Slovenská národná knižnica 
852 |a Slovenská národná knižnica 
954 |a odborná, vedecká literatúra pôvodná (slovenská)  |2 lita 
957 |a 404 
958 |a article27 
958 |a SK 
958 |a NB 
958 |a OND 
958 |a EUIPO 
999 |c 2887639  |d 2889569